| 000 | 00539nam a2200181Ia 4500 | ||
|---|---|---|---|
| 003 | OSt | ||
| 005 | 20200724151801.0 | ||
| 008 | 190216s9999||||xx |||||||||||||| ||und|| | ||
| 020 | _a9780070990128 | ||
| 040 | _coclc | ||
| 082 |
_a512.5 _bLIP/T |
||
| 100 |
_aLipschutz, Seymour _93751 |
||
| 245 | 0 |
_aTheory And Problems of Linear Algebra / _cSeymour Lipschutz |
|
| 260 |
_bMcgraw -hill Book Company, _c1987. _aNew York: |
||
| 300 | _a334p | ||
| 650 | _aMathematics | ||
| 942 |
_cBK _2ddc _h512.5 _iLIP/T _k512.5 _mLIP/T |
||
| 999 |
_c31666 _d31666 |
||